00417nam a2200145Ia 4500003000400000005001700004008004100021020001800062040000900080082002200089100002300111245006800134260006000202300000900262OSt20200122131323.0190216s9999||||xx |||||||||||||| ||und|| a9780070483224 coclc a332.632042bCHA/I a Chandra, Prasanna 0aInvestment Analysis And Portfolio Managment /cPrasanna Chandra bTata McGraw Hill Publishing Company,c2002.aNew Delhi: a604p